MARC details
| 000 -CABECERA |
| campo de control de longitud fija |
02301nab a2200277 a 4500 |
| 005 - FECHA Y HORA DE LA ÚLTIMA TRANSACCIÓN |
| campo de control |
20251105063905.0 |
| 008 - ELEMENTOS DE LONGITUD FIJA--INFORMACIÓN GENERAL |
| campo de control de longitud fija |
991125c2016 sp fr p o 000 0 spa d |
| 035 ## - NÚMERO DE CONTROL DEL SISTEMA |
| Número de control de sistema |
UPN01000216428 |
| 040 ## - FUENTE DE LA CATALOGACIÓN |
| Centro catalogador/agencia de origen |
UPN |
| Lengua de catalogación |
spa |
| Centro/agencia transcriptor |
UPN |
| Normas de descripción |
aacr2 |
| 049 ## - COLECCIÓN |
| Colección |
ART-E |
| 100 1# - ASIENTO PRINCIPAL--NOMBRE PERSONAL |
| Nombre de persona |
Jiménez González, Ana Rocío |
| 100 1# - ASIENTO PRINCIPAL--NOMBRE PERSONAL |
| Nombre de persona |
Rodríguez Casado, María del Rocío |
| 245 10 - MENCIÓN DE TÍTULO |
| Título |
Comunidades de Aprendizaje: propuesta de desarrollo y sostenibilidad desde la educación social en instituciones educativa. |
| 506 0# - NOTA DE RESTRICCIONES AL ACCESO |
| Limitaciones de acceso |
Acceso abierto |
| 520 3# - NOTA DE RESUMEN, ETC. |
| Sumario, etc. |
Con el presente artículo ofrecemos una visión desde la Educación Social para con los centros escolares que están inmersos en el modelo educativo de las Comunidades de Aprendizaje, ya que a pesar de tratarse de una práctica que aparece hace más de 35 años en España (Morlà 2015), aún es bastante desconocida dentro del ámbito escolar. Esto hace que podamos encontrar muchas lagunas en su implantación, y sobre todo, en el mantenimiento del mismo con el paso de los años. Es por ello que, a continuación, presentamos una propuesta socioeducativa para las Comunidades de Aprendizaje desde la Educación Social como modelo de desarrollo y sostenibilidad, donde prima la intervención con toda la comunidad educativa en su conjunto de forma interrelacional. En este sentido, entendemos que la educación del alumnado es responsabilidad de toda su comunidad, y aunque un proyecto sea excelente, siempre ha de tener previsto un procedimiento o protocolo que lo pueda sustentar cuando el proyecto vaya perdiendo entusiasmo. Si bien, el propósito de esta publicación va más allá, pues se intenta hacer una reflexión sobre el papel que juega el/la educador/a social en el desarrollo y sostenibilidad de las Comunidades de Aprendizaje en los centros escolares. |
| 650 #4 - ASIENTO SECUNDARIO DE MATERIA - TERMINO TEMATICO |
| Término de materia o nombre geográfico como elemento de entrada |
Educación social |
| 9 (RLIN) |
13718 |
| 650 #7 - ASIENTO SECUNDARIO DE MATERIA - TERMINO TEMATICO |
| Término de materia o nombre geográfico como elemento de entrada |
Sustentabilidad |
| 9 (RLIN) |
46877 |
| 653 0# - TERMINO DE INDIZACION - NO CONTROLADO |
| Término no controlado |
Comunidades de aprendizaje |
| 653 0# - TERMINO DE INDIZACION - NO CONTROLADO |
| Término no controlado |
Centros educativos |
| 773 ## - ENLACE AL DOCUMENTO FUENTE/ENTRADA DE REGISTRO ANFITRIÓN |
| Parte(s) relacionada(s) |
No. 25 (2016), p. 105-118 |
| Título |
Cuestiones pedagógicas : revista de ciencias de la educación |
| Número Internacional Normalizado para Publicaciones Seriadas |
0213-1269 |
| 856 4# - LOCALIZACIÓN Y ACCESO ELECTRÓNICOS |
| Identificador Uniforme del Recurso |
<a href="https://revistascientificas.us.es/index.php/Cuestiones-Pedagogicas/article/view/9695">https://revistascientificas.us.es/index.php/Cuestiones-Pedagogicas/article/view/9695</a> |
| 856 4# - LOCALIZACIÓN Y ACCESO ELECTRÓNICOS |
| Identificador Uniforme del Recurso |
<a href="https://doi.org/10.12795/CP.2016.i25.08">https://doi.org/10.12795/CP.2016.i25.08</a> |
| 902 ## - ELEMENTOS DE DATOS B LOCAL, LDB (RLIN) |
| Creó |
Gloria Jiménez/1024 |
| 905 ## - TIPO DE MATERIAL |
| Tipo de material |
Articulo |
| 942 ## - ELEMENTOS DE PUNTO DE ACCESO ADICIONAL (KOHA) |
| Tipo de ítem Koha |
Artículo Electrónico |